Revolutionaries of India in Soviet Russia: (Record no. 1308317)

MARC details
000 -LEADER
fixed length control field 01245nam a2200361 a 4500
001 - CONTROL NUMBER
control field vtls001874684
003 - CONTROL NUMBER IDENTIFIER
control field NLI
005 - DATE AND TIME OF LATEST TRANSACTION
control field 20210629104806.0
008 - FIXED-LENGTH DATA ELEMENTS--GENERAL INFORMATION
fixed length control field 150715s1973 ru 001 0 eng
020 ## - INTERNATIONAL STANDARD BOOK NUMBER
Terms of availability n. p.
039 #9 - LEVEL OF BIBLIOGRAPHIC CONTROL AND CODING DETAIL [OBSOLETE]
-- 201507151045
-- swapankp
040 0# - CATALOGING SOURCE
Original cataloging agency NLI
Language of cataloging eng
041 0# - LANGUAGE CODE
Language code of text/sound track or separate title eng
044 ## - COUNTRY OF PUBLISHING/PRODUCING ENTITY CODE
MARC country code ru
082 04 - DEWEY DECIMAL CLASSIFICATION NUMBER
Classification number 954
Edition number 22
100 1# - MAIN ENTRY--PERSONAL NAME
Personal name Persists, M. A.
9 (RLIN) 1233589
245 10 - TITLE STATEMENT
Title Revolutionaries of India in Soviet Russia:
Remainder of title mainsprings of the communist movement in the East /
Statement of responsibility, etc. M. A. Persists; edited by R. A. Ulyanovsky
260 ## - PUBLICATION, DISTRIBUTION, ETC.
Place of publication, distribution, etc. Moscow :
Name of publisher, distributor, etc. Progress Pub.,
Date of publication, distribution, etc. 1973
300 ## - PHYSICAL DESCRIPTION
Extent 294 p. ;
Dimensions 20 cm.
504 ## - BIBLIOGRAPHY, ETC. NOTE
Bibliography, etc. note Includes bibliographical references and index
650 #0 - SUBJECT ADDED ENTRY--TOPICAL TERM
Topical term or geographic name entry element Revolutionaries
Geographic subdivision India
9 (RLIN) 722525
650 #0 - SUBJECT ADDED ENTRY--TOPICAL TERM
Topical term or geographic name entry element Communist
Geographic subdivision India
9 (RLIN) 1151386
651 #0 - SUBJECT ADDED ENTRY--GEOGRAPHIC NAME
Geographic name India
General subdivision Politics and government
Chronological subdivision 1919-1947
9 (RLIN) 684861
700 1# - ADDED ENTRY--PERSONAL NAME
Personal name Ulyanovsky, R. A.
Relationship edt
9 (RLIN) 809875
887 ## - NON-MARC INFORMATION FIELD
Content of non-MARC field Swapan Kumar Pailan
901 ## - LOCAL DATA ELEMENT A, LDA (RLIN)
a EX4546 :
b 23.06.89
902 ## - LOCAL DATA ELEMENT B, LDB (RLIN)
a E 954 P 431
904 ## - LOCAL DATA ELEMENT D, LDD (RLIN)
a Swapan Kumar Pailan
949 ## - LOCAL PROCESSING INFORMATION (OCLC)
-- VIRTUAITEM
-- 10000
-- 100
6 EXC000004546ENG
942 ## - ADDED ENTRY ELEMENTS (KOHA)
Source of classification or shelving scheme Dewey Decimal Classification
Koha item type Books
Holdings
Withdrawn status Lost status Damaged status Not for loan Collection code Home library Current library Shelving location Date acquired Total Checkouts Full call number Barcode Date last seen Price effective from Koha item type
        New English National Library of India National Library of India New English - Main Stack Division     E 954 P 431 EXC000004546ENG 29/06/2021 29/06/2021 Books
                                                                           
web counter

Copyright ©2020 The National Library of India, Govt. of India ↔ Hosted by NVLI, MOC ↔ Technology and Design by National Library of India, Ministry of Culture, Govt. of India